La Masora Parva del Códice de Profetas del Cairo, : (Record no. 41223)
[ view plain ]
| 000 -CABECERA | |
|---|---|
| campo de control de longitud fija | 00843nam a2200181 a 4500 |
| 001 - NÚMERO DE CONTROL | |
| campo de control | 000041734 |
| 005 - FECHA Y HORA DE LA ÚLTIMA TRANSACCIÓN | |
| campo de control | 20201002035726.0 |
| 008 - DATOS DE LONGITUD FIJA--INFORMACIÓN GENERAL | |
| campo de control de longitud fija | 131016s1995 sp 000 0 spa d |
| 020 ## - NÚMERO INTERNACIONAL ESTÁNDAR DEL LIBRO | |
| Número Internacional Estándar del Libro | 8400075439 |
| 040 ## - FUENTE DE LA CATALOGACIÓN | |
| Centro catalogador/agencia de origen | DO-SdBNP |
| Lengua de catalogación | spa |
| Centro/agencia transcriptor | BNPHU |
| 100 1# - ENTRADA PRINCIPAL--NOMBRE DE PERSONA | |
| Nombre de persona | Ortega Monasterio, María Teresa |
| 9 (RLIN) | 65574 |
| 245 13 - MENCIÓN DE TÍTULO | |
| Título | La Masora Parva del Códice de Profetas del Cairo, : |
| Resto del título | Casos let. / |
| Mención de responsabilidad, etc. | María Teresa Ortega Monasterio. |
| 260 ## - PUBLICACIÓN, DISTRIBUCIÓN, ETC. | |
| Lugar de publicación, distribución, etc. | Madrid : |
| Nombre del editor, distribuidor, etc. | Instituto de Filología, Departamento de Filología Bíblica y de Oriente Antiguo, |
| Fecha de publicación, distribución, etc. | 1995. |
| 300 ## - DESCRIPCIÓN FÍSICA | |
| Extensión | 216 p. ; |
| Dimensiones | 27 cm. |
| 490 1# - MENCIÓN DE SERIE | |
| Mención de serie | Textos y estudios "Cardenal Cisneros" de la Biblia Plíglota Matritense ; |
| Designación de volumen o secuencia | 59 |
| 710 2# - PUNTO DE ACCESO ADICIONAL--NOMBRE DE ENTIDAD CORPORATIVA | |
| Nombre de entidad corporativa o nombre de jurisdicción como elemento de entrada | Instituto de Filología, Departamento de Filología Bíblica y de Oriente Antiguo |
| 9 (RLIN) | 68576 |
| 830 #0 - PUNTO DE ACCESO ADICIONAL DE SERIE-TÍTULO UNIFORME | |
| Título uniforme | Textos y estudios "Cardenal Cisneros" de la Biblia Plíglota Matritense |
| Designación de volumen o secuencia | 59 |
| 9 (RLIN) | 68577 |
| Estado de retiro | Estado de pérdida | Restricciones de uso | No para préstamo | Código de colección | Localización permanente | Ubicación/localización actual | Ubicación en estantería | Fecha de adquisición | Número de inventario | Total de préstamos | Signatura topográfica completa | Código de barras | Fecha visto por última vez | Precio válido a partir de | Tipo de ítem Koha |
|---|---|---|---|---|---|---|---|---|---|---|---|---|---|---|---|
| Excluido de préstamo | Monografías: Libros y Folletos | General | General | En catalogación | 16.10.2013 | LF1 | 41734-10 | 25.06.2020 | 25.06.2020 | No se presta |
